Geology and underground waters of southern Minnesota / (Record no. 25037)
[ view plain ]
| 000 -LEADER | |
|---|---|
| fixed length control field | 01474cam a22003491a 4500 |
| 001 - CONTROL NUMBER | |
| control field | gs 11000331 |
| 003 - CONTROL NUMBER IDENTIFIER | |
| control field | DLC |
| 005 - DATE AND TIME OF LATEST TRANSACTION | |
| control field | 20260227111311.0 |
| 007 - PHYSICAL DESCRIPTION FIXED FIELD--GENERAL INFORMATION | |
| fixed length control field | cr_||||||||||| |
| 008 - FIXED-LENGTH DATA ELEMENTS--GENERAL INFORMATION | |
| fixed length control field | 810914s1911 dcuabf f001 0 eng c |
| 010 ## - LIBRARY OF CONGRESS CONTROL NUMBER | |
| LC control number | gs 11000331 |
| 035 ## - SYSTEM CONTROL NUMBER | |
| System control number | (OCoLC)7758183 |
| 040 ## - CATALOGING SOURCE | |
| Original cataloging agency | U.S. Geol. survey. Library |
| Transcribing agency | MnManS |
| Modifying agency | MnHi |
| -- | OCoLC |
| -- | DLC |
| 042 ## - AUTHENTICATION CODE | |
| Authentication code | premarc |
| 043 ## - GEOGRAPHIC AREA CODE | |
| Geographic area code | n-us-mn |
| 050 00 - LIBRARY OF CONGRESS CALL NUMBER | |
| Classification number | TC801 |
| Item number | .U2 no. 256 |
| 051 ## - LIBRARY OF CONGRESS COPY, ISSUE, OFFPRINT STATEMENT | |
| Classification number | GB1025.M6 |
| Item number | H3 |
| Copy information | Copy 2 |
| 100 1# - MAIN ENTRY--PERSONAL NAME | |
| Personal name | Hall, C. W. |
| Fuller form of name | (Christopher Webber), |
| Dates associated with a name | 1845-1911. |
| 245 10 - TITLE STATEMENT | |
| Title | Geology and underground waters of southern Minnesota / |
| Statement of responsibility, etc. | by C.W. Hall, O.E. Meinzer, and M.L. Fuller ; work done in cooperation with the Minnesota State Board of Health. |
| 260 ## - PUBLICATION, DISTRIBUTION, ETC. | |
| Place of publication, distribution, etc. | Washington : |
| Name of publisher, distributor, etc. | G.P.O., |
| Date of publication, distribution, etc. | 1911. |
| 300 ## - PHYSICAL DESCRIPTION | |
| Extent | 406 p., 18 leaves of plates : |
| Other physical details | ill., maps ; |
| Dimensions | 23 cm. |
| 490 1# - SERIES STATEMENT | |
| Series statement | Water-supply paper ; |
| Volume/sequential designation | 256 |
| 500 ## - GENERAL NOTE | |
| General note | Includes index. |
| 501 ## - WITH NOTE | |
| With note | TC801.U2 no. 256 with : Well-drillling methods - - Underground water papers, 1910. Washington : Govt. Print. Off., 1911. Bound together subsequent to publication. |
| Institution to which field applies | DLC |
| 530 ## - ADDITIONAL PHYSICAL FORM AVAILABLE NOTE | |
| Additional physical form available note | Also available in digital form on the Internet Archive Web site. |
| 650 #0 - SUBJECT ADDED ENTRY--TOPICAL TERM | |
| Topical term or geographic name entry element | Geology |
| Geographic subdivision | Minnesota. |
| 650 #0 - SUBJECT ADDED ENTRY--TOPICAL TERM | |
| Topical term or geographic name entry element | Groundwater |
| Geographic subdivision | Minnesota. |
| 700 1# - ADDED ENTRY--PERSONAL NAME | |
| Personal name | Meinzer, O. E. |
| Fuller form of name | (Oscar Edward), |
| Dates associated with a name | 1876-1948. |
| 700 1# - ADDED ENTRY--PERSONAL NAME | |
| Personal name | Fuller, M. L. |
| Fuller form of name | (Myron Leslie), |
| Dates associated with a name | 1873- |
| 830 #0 - SERIES ADDED ENTRY--UNIFORM TITLE | |
| Uniform title | U.S. Geological Survey water-supply paper ; |
| Volume/sequential designation | 256. |
| 856 41 - ELECTRONIC LOCATION AND ACCESS | |
| Uniform Resource Identifier | <a href="http://hdl.loc.gov/loc.gdc/scd0001.00199536564">http://hdl.loc.gov/loc.gdc/scd0001.00199536564</a> |
No items available.